LEADER 00960nam0 2200289 450 001 000022855 005 20090211144431.0 010 $a88-06-33357-7 100 $a20090211d1972----km-y0itay50------ba 101 0 $aita 102 $aIT 105 $aa-------001yy 200 1 $aColonialismo e feudalesimo$ela questione dei Prazos da Coroa nel Mozambico alla fine del secolo 19.$fGiuseppe Papagno 210 $aTorino$cEinaudi$dc1972 215 $a277 p.$cc. geogr.$d19 cm 225 2 $aPiccola biblioteca Einaudi$v180 410 0$12001$aPiccola biblioteca Einaudi 500 10$aColonialismo e feudalesimo$945685 610 1 $aPortogallo$aPolitica coloniale$aSec. 19. 610 1 $aPrazos da Coroa 676 $a325.3$v17 700 1$aPapagno,$bGiuseppe$4070$0159481 801 0$aIT$bUNIPARTHENOPE$c20090210$gRICA$2UNIMARC 912 $a000022855 951 $a041/77$b4818$cNAVA2$d2009 996 $aColonialismo e feudalesimo$945685 997 $aUNIPARTHENOPE LEADER 01480cam0 2200325 450 001 E600200046866 005 20211221103945.0 100 $a20090312d1976 |||||ita|0103 ba 101 $aita 102 $aIT 200 1 $aGli opuscoli contro gli Stoici. Vol. I$eDelle contraddizioni degli Stoici$eGli Stoici dicono cose pił assurde dei poeti. Vol. II$eDelle nozioni comuni, contro gli Stoici$fPlutarco$gtraduzione, introduzione e commento con appendice critico-testuale a cura di Mariano Baldassarri 210 $aTrento$cs.e.$d1976 215 $a2 v.$d22 cm 225 2 $aPubblicazioni di verifiche$v2/1-2 410 1$1001LAEC00026447$12001 $a*Pubblicazioni di verifiche$v2/1-2 700 0$aPlutarchus$3AF00007241$4070$0439241 702 1$aBaldassarri, Mariano$3A600200053563$4070 801 0$aIT$bUNISOB$c20211221$gRICA 850 $aUNISOB 852 $aUNISOB$j100$m31270 852 $aUNISOB$j100$m31271 852 $aUNISOB$j100$m43956 912 $aE600200046866 940 $aM 102 Monografia moderna SBN 941 $aM 957 $a100$b001608$i-1$gSi$d31270$racquisto$1pregresso2$2UNISOB$3UNISOB$420090312105858.0$520211221103751.0$6bethb 957 $a100$b001608$i-2$gSI$d31271$racquisto$1bethb$2UNISOB$3UNISOB$420211221103754.0$520211221103831.0$6bethb 957 $a100$b001608$i-1 b$gSI$d43956$racquisto$1bethb$2UNISOB$3UNISOB$420211221103835.0$520211221103945.0$6bethb 996 $aGli opuscoli contro gli Stoici. Vol. I$91682650 997 $aUNISOB